00690nam a2200169 i 4500001000700000003000900007005001700016007000300033008004100036100003200077245019900109260005400308300003100362500005600393710003700449852003400486103799ES-MaACL20230906183440.0t|051118s1954 cu ||||1| spa d1 aMesa Rodríguez, Manuel I.10aDiez años de guerra b: (El Pacto del Zanjón, la Constitución de Baraguá y el fin de la contienda) / cdiscurso leído por el académico de número Prof. Manuel I. Mesa Rodríguez... aLa Habana : b[s.n.], c1954 (fImp. El Siglo XX) a43 p., 2 lám. ; c24 cm. aPrecede al tít.: Academia de la Historia de Cuba.2 aAcademia de la Historia de Cuba. aES-MaACLj1963-F-16 bR.36755